000 00548nam a2200205 u 4500
005 20240806063924.0
008 081007s2006 mx r 000 0 spa d
020 _a9704900015
035 _aUPN01000162601
049 _aCG
050 4 _aPQ7298.16 R5.2
_bM8.4
100 1 _aBarón de Frid, Sandra,
_d1959-
_935347
245 1 0 _aMujer sin nombre /
_cSandra Frid.
260 _aMéxico :
_bFelou,
_cc2006.
300 _a132 p.
440 0 _aLetras abiertas
650 4 _aLiteratura mexicana
_94466
650 7 _aLocura
_2
_98401
905 _aLibro
999 _c134714
_d134714